000 00982nam a2200265Ia 4500
003 OSt
005 20221005111103.0
006 a|||||r|||| 00| 0
007 ta
008 221004b |||||||| |||| 00| 0 hin d
020 _a9788183616003 (hbk)
_c350
024 _a19994
037 _bBR8399, 21/03/2015, Rajkamal Prakashan Pvt. Ltd.
_cTextual
040 _aCRL
_cCRL
_bhin
041 _2hin
_ahin
082 _aO152,3NMAx, Q3
100 _aमहेश्वरी, अशोक
245 0 _aअकबर - बीरबल की नोक - झोंक
246 _aAkabar - bīrabal kī nok - zoanka
260 _aनई दिल्ली
_bराधाकृष्ण ्रभारत
_c2013
300 _a195पृ0
_ccm.
650 _aहिन्दी साहित्य
942 _hO152,3NMAx, Q3
_cTEXL
_2cc
999 _c1020775
_d1020775